Frequency modulation engineering / (Record no. 67926)
[ view plain ]
| 000 -LEADER | |
|---|---|
| fixed length control field | 00862nam a2200253 a 4500 |
| 001 - CONTROL NUMBER | |
| control field | 67926 |
| 003 - CONTROL NUMBER IDENTIFIER | |
| rucl marc code | BD-RjUL |
| 005 - DATE AND TIME OF LATEST TRANSACTION | |
| control field | 20211209081718.0 |
| 008 - FIXED-LENGTH DATA ELEMENTS--GENERAL INFORMATION | |
| fixed length control field | 170329s1956 nyua 001 0 eng d |
| 035 ## - SYSTEM CONTROL NUMBER | |
| System control number | (BD-RjUL)68135 |
| 040 ## - CATALOGING SOURCE | |
| Original cataloging agency | DLC |
| Transcribing agency | FM |
| Modifying agency | DLC |
| -- | (BD-RjUL) |
| Language of cataloging | eng |
| 041 ## - LANGUAGE CODE | |
| Language code of text/sound track or separate title | eng |
| 082 ## - DEWEY DECIMAL CLASSIFICATION NUMBER | |
| Edition number | 23 |
| Classification number | 621.384152 |
| Author mark and year | TIF 1956 |
| 100 1# - MAIN ENTRY--PERSONAL NAME | |
| Personal name | Tibbs, Christopher E. |
| 9 (RLIN) | 201350 |
| 245 10 - TITLE STATEMENT | |
| Title | Frequency modulation engineering / |
| Statement of responsibility, etc. | by Christopher E. Tibbs and G. G. Johnstone. Foreword by K. R. Sturley. |
| 250 ## - EDITION STATEMENT | |
| Edition statement | 2nd ed. rev. |
| 260 ## - PUBLICATION, DISTRIBUTION, ETC. (IMPRINT) | |
| Place of publication, distribution, etc. | New York : |
| Name of publisher, distributor, etc. | John Wiley & Sons Inc., |
| Date of publication, distribution, etc. | 1956. |
| 300 ## - PHYSICAL DESCRIPTION | |
| Pagination | 435 p. : |
| Illustrations | ill. ; |
| Size | 23 cm. |
| 504 ## - BIBLIOGRAPHY, ETC. NOTE | |
| Bibliography, etc | Includes Bibliographical References and Index |
| 650 #0 - SUBJECT ADDED ENTRY--TOPICAL TERM | |
| Topical term or geographic name as entry element | Radio frequency modulation. |
| 9 (RLIN) | 201351 |
| Topical term or geographic name as entry element | Radio |
| General subdivision | Equipment and supplies. |
| 9 (RLIN) | 201352 |
| 700 1# - ADDED ENTRY--PERSONAL NAME | |
| Personal name | Johnstone, G. G., |
| Relator term | joint author. |
| 942 ## - ADDED ENTRY ELEMENTS (KOHA) | |
| Source of classification or shelving scheme | Dewey Decimal Classification |
| Koha item type | Books |
| Lost status | Source of classification or shelving scheme | Damaged status | Not for loan | Collection code | Permanent Location | Current Location | Shelving location | Date acquired | Source of acquisition | Cost, normal purchase price | Total Checkouts | Full call number | Date last seen | Copy number | Koha item type |
|---|---|---|---|---|---|---|---|---|---|---|---|---|---|---|---|
| Dewey Decimal Classification | Not For Loan | Non-fiction | Central Library, University of Rajshahi | Central Library, University of Rajshahi | Reading Room | 20/09/1958 | John Willey & Sons | 7.65 | 621.384152 TIF 1956 | 29/03/2017 | C-1 | Books |